000
00229nam a22000857a 4500
008
161210b xxu||||| |||| 00| 0 eng d
100
_9
1976
_a
Luthra.H.L.
245
_a
Physical and Health Education-VI
260
_a
New Delhi
_b
B.P.H.
_c
2011
999
_c
4779
_d
4779